| 000 | 00509nam a2200169Ia 4500 | ||
|---|---|---|---|
| 999 |
_c6678 _d6678 |
||
| 003 | OSt | ||
| 005 | 20200128132827.0 | ||
| 008 | 190216s9999||||xx |||||||||||||| ||und|| | ||
| 020 | _a9780070583559 | ||
| 040 | _coclc | ||
| 082 |
_a658.5 _bCHA/P |
||
| 100 |
_aChary, S N _91529 |
||
| 245 | 0 |
_aProduction And Operations Management / _cS N Chary |
|
| 250 | _a3rd ed. | ||
| 260 |
_bTata Mcgraw Hill Publishing Company Ltd, _c2004. _aNew Delhi: |
||
| 942 |
_cBK _2ddc _h658.5 _iCHA/P _k658.5 _mCHA/P |
||